000 00643nam a2200217 i 4500
001 20285
003 ES-MaACL
005 20250807063205.0
007 t|
008 021111s1986 sp |||| | spa d
020 _a84-376-0615-2
100 1 _aAguilar, Carlos,
_d1958-
_918684
245 1 0 _aGuía del video-cine /
_cCarlos Aguilar.
260 _aMadrid :
_bCátedra,
_c1986.
300 _aIX, 977 p. ;
_c21 cm.
490 1 _aSigno e imagen
650 0 4 _aPelículas cinematográficas-
_vGrabaciones en vídeo-
_vCatálogos.
_915912
830 0 _aSigno e imagen
_9178598
852 _aES-MaACL
_jL-10539
999 _c20285
_d20285